| 000 | 00772nam a2200181Ia 4500 | ||
|---|---|---|---|
| 008 | 100920s9999 xx 000 0 und d | ||
| 082 |
_b3607 _a28 व 51 थ 53 |
||
| 100 | _aशिखरे दामोदर नरहर. | ||
| 245 | _aमहान्र मुत्सद्दी नामदार गोखले. | ||
| 260 |
_bकेशव भिकाजी ढवळे, मुंबई. _c1953 |
||
| 300 |
_a48 _bसाधी |
||
| 365 | _b0.5 | ||
| 520 | _aबा. वि चरित्र. | ||
| 630 | _aमहान्र मुत्सद्दी नामदार गोखले. | ||
| 650 | _aबा. वि चरित्र. | ||
| 730 | _aमहान्र मुत्सद्दी नामदार गोखले. | ||
| 942 | _cBOOK | ||
| 999 |
_c673570 _d673567 |
||